| 000 | 00398 a2200121 4500 | ||
|---|---|---|---|
| 001 | ART_56245 | ||
| 005 | 20260410162029.0 | ||
| 008 | 260409a | ||
| 245 | 1 | 0 | _aEl proceso, la pandemia y el pase sanitario en la Provincia de Buenos Aires |
| 100 | 1 | _aRossi, Jorge O. | |
| 700 | 1 | _aCofré, Noelia M. | |
| 773 | 0 |
_tTemas de derecho procesal _g- Año 6, N° 5 (mayo 2022) _wREV44095 |
|
| 999 |
_c33851 _d33851 |
||